Dodge Models By Picture - Statistics

General Stats
  • This quiz has been taken 121 times
  • The average score is 7 of 11
Answer Stats
Picture Answer % Correct
Charger
98%
Challenger
92%
Durango
86%
Viper
86%
Caravan/Grand Caravan
65%
Dart
65%
Hornet
61%
Dakota
55%
Journey
53%
Avenger
44%
Daytona
26%
No matching quizzes found
Score Distribution
Percent of People with Each Score
Percentile by Number Answered
Your Score History
You have not taken this quiz